ეკონომიკა : (ბიბ.ჩანაწერი № 57822)
[ მარტივი ფორმატი ]
| 000 -LEADER | |
|---|---|
| fixed length control field | 00593nam a22001697a 4500 |
| 005 - DATE AND TIME OF LATEST TRANSACTION | |
| control field | 20201222132535.0 |
| 008 - FIXED-LENGTH DATA ELEMENTS--GENERAL INFORMATION | |
| fixed length control field | 201222c2020 ge ||||| |||| 00| 0 geo d |
| 022 ## - INTERNATIONAL STANDARD SERIAL NUMBER | |
| International Standard Serial Number | 25874713 |
| 041 ## - LANGUAGE CODE | |
| Language code of text/sound track or separate title | geo |
| 245 ## - TITLE STATEMENT | |
| Title | ეკონომიკა : |
| Remainder of title | 2020 / |
| Statement of responsibility, etc. | მთ. რედაქტორი რ. შენგელია. |
| 260 ## - PUBLICATION, DISTRIBUTION, ETC. | |
| Place of publication, distribution, etc. | თბილისი, |
| Date of publication, distribution, etc. | 2020. |
| 300 ## - PHYSICAL DESCRIPTION | |
| Extent | 145 გვ. |
| Other physical details | 20 სმ. |
| 653 ## - INDEX TERM--UNCONTROLLED | |
| Uncontrolled term | ეკონომიკა |
| 653 ## - INDEX TERM--UNCONTROLLED | |
| Uncontrolled term | პერიოდიკა |
| 700 ## - ADDED ENTRY--PERSONAL NAME | |
| Personal name | შენგელია, რ. |
| Relator term | მთ. რედაქტორი |
| 9 (RLIN) | 9944 |
| 942 ## - ADDED ENTRY ELEMENTS (KOHA) | |
| Source of classification or shelving scheme | |
| Koha item type | პერიოდიკა |
| Withdrawn status | Lost status | Source of classification or shelving scheme | Damaged status | Not for loan | Permanent Location | Current Location | Shelving location | Date acquired | Serial Enumeration / chronology | Barcode | Date last seen | Copy number | Price effective from | Koha item type |
|---|---|---|---|---|---|---|---|---|---|---|---|---|---|---|
| შიდა ფონდი | ბათუმის შოთა რუსთაველის სახელმწიფო უნივერსიტეტის მთავარი ბიბლიოთეკა | ბათუმის შოთა რუსთაველის სახელმწიფო უნივერსიტეტის მთავარი ბიბლიოთეკა | წიგნსაცავი | 2020-12-22 | (#1-2), 2020 | p80677 | 2020-12-22 | p80677 | 2020-12-22 | პერიოდიკა | ||||
| შიდა ფონდი | ბათუმის შოთა რუსთაველის სახელმწიფო უნივერსიტეტის მთავარი ბიბლიოთეკა | ბათუმის შოთა რუსთაველის სახელმწიფო უნივერსიტეტის მთავარი ბიბლიოთეკა | წიგნსაცავი | 2020-12-22 | (#3-5), (2020) | p80678 | 2020-12-22 | p80678 | 2020-12-22 | პერიოდიკა | ||||
| შიდა ფონდი | ბათუმის შოთა რუსთაველის სახელმწიფო უნივერსიტეტის მთავარი ბიბლიოთეკა | ბათუმის შოთა რუსთაველის სახელმწიფო უნივერსიტეტის მთავარი ბიბლიოთეკა | წიგნსაცავი | 2020-12-22 | (# 6-9), (2020) | p80679 | 2020-12-22 | p80679 | 2020-12-22 | პერიოდიკა | ||||
| შიდა ფონდი | ბათუმის შოთა რუსთაველის სახელმწიფო უნივერსიტეტის მთავარი ბიბლიოთეკა | ბათუმის შოთა რუსთაველის სახელმწიფო უნივერსიტეტის მთავარი ბიბლიოთეკა | წიგნსაცავი | 2021-04-19 | (# 10-12), (2020) | 80751 | 2021-04-19 | 80751 | 2021-04-19 | პერიოდიკა |
